Abbott and Costello Movies Quiz Stats

 Plays Quiz Updated Apr 3, 2020

     
Support Sporcle.
Go Orange.
Score 0/36 Timer 12:00
0 Plays Today
Year Film % Correct
1948Abbott and Costello Meet Frankenstein
72.7%
1941 Buck Privates
58.4%
1955Abbott and Costello Meet the Mummy
56.1%
1951Abbott and Costello Meet the Invisible Man
46.7%
1941In the Navy
46.5%
1941Hold that Ghost
44.9%
1947Buck Privates Come Home
39.9%
1949Abbott and Costello Meet the Killer
39%
1945The Naughty Nineties
38.2%
1946The Time of Their Lives
37.3%
1952Jack and the Beanstalk
36.2%
1949Africa Screams
36.2%
1942Who Done It?
35.5%
1943Hit the Ice
35.3%
1953Abbott and Costello Go to Mars
35.1%
1940One Night in the Tropics
34.4%
1953Abbott and Costello Meet Dr. Jekyll and Mr. Hyde
33.5%
1942Pardon My Sarong
33%
Year Film % Correct
1955Abbott and Costello Meet the Keystone Kops
31.5%
1941Keep 'Em Flying
31.2%
1946Little Giant
30.9%
1944In Society
30.5%
1942Rio Rita
30.5%
1948Mexican Hayride
30.3%
1956Dance With Me Henry
30.1%
1942Ride 'Em Cowboy
29.4%
1947The Wistful Widow of Wagon Gap
29.3%
1945Here Come the Co-eds
29%
1950Abbott and Costello in the Foreign Legion
28.7%
1952Lost in Alaska
28.7%
1952Abbott and Costello Meet Captain Kidd
28.1%
1945Abbott and Costello in Hollywood
28%
1944Lost in a Harem
26%
1951Comin' Round the Mountain
25.9%
1943It Ain't Hay
25.3%
1948The Noose Hangs High
25.3%

From the Vault

2020 Democratic Candidates by First Names

by Noldeh

History 5m
You still need to know who they are, even if they dropped out already!
Remove Ads.
Support Sporcle.
Get the best of Sporcle when you Go Orange. This ad-free experience offers more features, more stats, and more fun while also helping to support Sporcle. Thank you for becoming a member.

Show Comments

Extras

Top Quizzes Today


Score Distribution

Your Account Isn't Verified!

In order to create a playlist on Sporcle, you need to verify the email address you used during registration. Go to your Sporcle Settings to finish the process.

Report this User

Report this user for behavior that violates our Community Guidelines.

Details: